000 00931nam0a22002651 4500
001 rc\4848615
005 20260406093719.0
021 _aRU
_b[58-69341]
035 _a(NLR Aleph) 008813525
090 _a8176754
_c8176754
100 _a20130426d1958 |||y0rusy50 ca
101 0 _arus
102 _aRU
105 _aa z |||a|
200 1 _aСерго в горах
_e[Поэма о Серго Орджоникидзе]
_fГравюры Н. Калиты
210 _a[Москва
_cСов. Россия
_d1958]
215 _a133 с.
_cил.
_d17
700 1 _aТихонов
_bН.С.
_f1896-1979
_gНиколай Семенович
702 1 _aОрджоникидзе
_bС.
_gСерго
_4570
702 1 _4040
_8rus
_7ca
_aКалита
_bН. И.
_f1926-2016
_gНиколай Иванович
_3RU\NLR\AUTH\7766927
_949855
801 0 _aRU
_bNLR
_gpsbo
801 1 _aRU
_bELAR
_2rusmarc
852 _aNLR
_j59-2/64
942 _cBOOK
980 _aNB